| 000 | 00559nam a2200205 i 4500 | ||
|---|---|---|---|
| 001 | 95314 | ||
| 003 | ES-MaACL | ||
| 005 | 20230906181658.0 | ||
| 007 | t| | ||
| 008 | 050526s1984 fr ||||1| fre d | ||
| 020 | _a2-7186-0258-9 | ||
| 100 | 1 |
_aLyotard, Jean-François. _974962 |
|
| 245 | 1 | 0 |
_aTombeau de l'intellectuel et autres papiers / _cJean-François Lyotard. |
| 260 |
_aParis : _bGalilée, _c1984. |
||
| 300 |
_a87 p. ; _c20 cm. |
||
| 490 | 1 | _aDebats | |
| 830 | 0 |
_aDebats _9179595 |
|
| 852 |
_aES-MaACL _jL-10872 _bR.112644 |
||
| 999 |
_c95314 _d95314 |
||